Marques de véhicules dans GTA 5 #6 - Statistiques

Statistiques générales
  • Ce quiz a été pris 8 fois
    2 depuis la dernière actualisation
  • Le résultat moyen est 44 sur 99
Statistiques - réponses
Marque Catégorie Modèle % Correct
Lampadati Coupé Felon
100%
Lampadati Coupé Felon GT
100%
Mammoth Avion Hydra
100%
Obey Berline Tailgater
100%
Obey Berline Tailgater S
100%
Obey Sportive 10F
50%
Obey Sportive 10F large
50%
Obey Sportive 8F Drafter
50%
Obey Sportive 9F
50%
Obey Sportive 9F Cabrio
50%
Maxwell Véhicule compact Asbo
50%
Liberty City Cycles Moto Avarus
50%
Mammoth Avion Avenger
50%
Mammoth Avion Avenger
50%
Mammoth Avion Avenger
50%
Mammoth Avion Avenger
50%
Nagasaki Tout-terrain Blazer
50%
Nagasaki Tout-terrain Blazer aqua
50%
Nagasaki Tout-terrain Blazer Garde-côte
50%
Nagasaki Tout-terrain Blazer street
50%
Nagasaki Hélicoptère Buzzard
50%
Nagasaki Hélicoptère Buzzard d'attaque
50%
Nagasaki Véhicule utilitaire Caddie
50%
Nagasaki Véhicule utilitaire Caddie
50%
Nagasaki Véhicule utilitaire Caddie
50%
Nagasaki Moto Carbon RS
50%
Lampadati Sportive classique Casco
50%
Nagasaki Moto Chimera
50%
Nagasaki Bateau Dinghy
50%
Nagasaki Bateau Dinghy
50%
Nagasaki Bateau Dinghy
50%
Nagasaki Bateau Dinghy
50%
Nagasaki Bateau Dinghy armé
50%
Mammoth Avion Dodo
50%
MTL Véhicule de services Dune
50%
Mammoth Avion F-160 Raiju
50%
MTL Véhicule industriel Flatbed
50%
MTL Véhicule industriel Flatbed custom
50%
Maibatsu Hélicoptère Frogger
50%
Maibatsu Hélicoptère Frogger
50%
Nagasaki Hélicoptère Havok
50%
Liberty City Cycles Moto Hexer
50%
Nagasaki Tout-terrain Hot Rod Blazer
50%
Liberty City Cycles Moto Innovation
50%
Obey SUV I-Wagen
50%
Maibatsu Moto Manchez
50%
Maibatsu Moto Manchez Scout
50%
Maibatsu Moto Manchez Scout C
50%
Mammoth Avion Mogul
50%
Maibatsu Tout-terrain MonstroCiti
50%
Maibatsu Véhicule commercial Mule
50%
Maibatsu Véhicule commercial Mule
50%
Maibatsu Véhicule commercial Mule
50%
Maibatsu Véhicule commercial Mule
50%
Maibatsu Véhicule commercial Mule custom
50%
Lampadati SUV Novak
50%
Nagasaki Tout-terrain Outlaw
50%
Mammoth SUV Patriot
50%
Mammoth Tout-terrain Patriot Mil-Spec
50%
Mammoth SUV Patriot Stretch
50%
Maibatsu Sportive Penumbra
50%
Maibatsu Sportive Penumbra FF
50%
Lampadati Sportive classique Pigalle
50%
MTL Véhicule commercial Pounder
50%
MTL Véhicule commercial Pounder custom
50%
Obey SUV Rocoto
50%
Maibatsu Moto Sanchez
50%
Maibatsu Moto Sanchez (couleurs)
50%
Nagasaki Moto Shinobi
50%
Nagasaki Moto Shotaro
50%
Mammoth SUV Squaddie
50%
Mammoth Avion Streamer216
50%
Nagasaki Moto Stryder
50%
Mammoth Véhicule militaire Thruster
50%
Lampadati Supersportive Tigon
50%
Lampadati Bateau Toro
50%
Lampadati Bateau Toro
50%
Lampadati Sportive Tropos rallye
50%
Mammoth Avion Tula
50%
Nagasaki Avion ULM
50%
Maxwell Tout-terrain Vagrant
50%
Lampadati Sportive classique Viseris
50%
Nagasaki Moto BF400
0%
MTL Véhicule de services Brickade
0%
MTL Véhicule de services Brickade 6x6
0%
MTL Véhicule de secours Camion de pompiers
0%
MTL Véhicule commercial Cerberus anticipation
0%
MTL Véhicule commercial Cerberus apocalypse
0%
MTL Véhicule commercial Cerberus cauchemar
0%
Lampadati Berline Cinquemila
0%
Lampadati Sportive Corsita
0%
Lampadati Sportive Furore GT
0%
Lampadati Sportive Komoda
0%
Lampadati Sportive classique Michelli GT
0%
Obey Sportive Omnis
0%
Obey Sportive Omnis e-GT
0%
MTL Véhicule commercial Packer
0%
Liberty City Cycles Moto Sanctus
0%
MTL Véhicule de services Wastelander
0%
Aucun quiz correspondant
Distribution des résultats
% des personnes avec chaque résultat
Percentile par nombre de réponses
Votre historique - résultats
Vous n’avez pas pris ce quiz depuis la dernière actualisation